00390nam a2200109Ia 4500008004100000050002200041100002600063245006500089260008600154300002800240521001200268140724s9999 xx 000 0 und d aG 155b.F315 2013 aFelipe, Nyzsel Jaz A. aSal-a Namgi Kit (Tour Survival Kit) /cNyzsel Jaz A. Felipe. aLas Piñas, Philippines :bSouthville International School and Colleges,cc2013. a36 p. :bill. ;c28 cm. aTourism